LEADER 00906nam0-22003131i-450- 001 990000258690403321 005 20001010 010 $a0-442-20715-8 035 $a000025869 035 $aFED01000025869 035 $a(Aleph)000025869FED01 035 $a000025869 100 $a20001010d--------km-y0itay50------ba 101 0 $aita 105 $ay-------001yy 200 1 $aAir pollution control technology$eAn engineering analysis point of view$fRobert M. Bethea. 210 $aNew York$cVan Nostrand Reinhold Company$dcopyr. 1978 215 $aXV, [3], 449 p. ill. 24 cm 610 0 $aFisica atmosfera 676 $a628.5 700 1$aBethea,$bRobert M.$013039 801 0$aIT$bUNINA$gRICA$2UNIMARC 901 $aBK 912 $a990000258690403321 952 $a09 022-026$b3967$fDINAE 959 $aDINAE 996 $aAir pollution control technology$9117424 997 $aUNINA DB $aING01 LEADER 01422nam 2200421 450 001 9910793586003321 010 $a3-8382-7279-X 035 $a(CKB)4100000007801712 035 $a(MiAaPQ)EBC5614026 035 $a(MiAaPQ)EBC5778597 035 $a(EXLCZ)994100000007801712 100 $a20190612d2019 uy 0 101 0 $aeng 135 $aurcnu|||||||| 181 $ctxt$2rdacontent 182 $cc$2rdamedia 183 $acr$2rdacarrier 200 10$aInternational law and the post-Soviet space$hI$iEssays on Chechnya and the Baltic States /$fThomas D. Grant ; with a foreword by Stephen M. Schwebel 210 1$aStuttgart, Germany :$cibidem-Verlag,$d[2019] 210 4$dİ2019 215 $a1 online resource (453 pages) 225 1 $aSoviet and post-Soviet politics and society ;$v199 311 $a3-8382-1301-7 410 0$aSoviet and post-Soviet politics and society ;$v199. 606 $aInternational law$zRussia (Federation) 606 $aInternational law$zFormer Soviet republics 615 0$aInternational law 615 0$aInternational law 676 $a341.0947 700 $aGrant$b Thomas D.$f1969-$01482661 702 $aSchwebel$b Stephen M$g(Stephen Myron),$f1929- 801 0$bMiAaPQ 801 1$bMiAaPQ 801 2$bMiAaPQ 906 $aBOOK 912 $a9910793586003321 996 $aInternational law and the post-Soviet space$93841922 997 $aUNINA